01100nam a2200193Ia 4500008004100000020001800041050002400059100002600083245005200109250001100161260003100172300002600203500019300229500012800422505022300550650006700773700003100840700003500871120626s2004 sp 000 0 und d a978842542331414aBD805.A5b F68 20041 aFRANKL, Viktordautor13aEl hombre en busca de sentidoc/ Viktor, Frankl a5a ed. aEspañab: Herderc, 2004 a158 páginasc22 cm. aTraduccion de: Ein psychologe erlbt das konzentrationslager ; Man’s search for meaning ; From death-camp to existentialism \ Traducción: Christine Kopplhuber y Gabriel Insausti Herrero aIncluye: Prefacio de José Benigno Freire (pp. 9-23), Apéndice (pp. 117-153), Otras obras de Viktor Frankl (pp. 155-158) aI. El hombre en busca de sentido. Un psicólogo en un campo de concentración II. Primera fase: Internamiento en el campo III. Segunda fase: La vida en el campo IV. Tercera fase: Después de la liberación 14vPSICOLOGÍA EN PRISIONESxCAMPOS DE CONCENTRACIÓNzALEMANIA12aKOPPLHUBER, Christinedtr.12aINSAUSTI HERRERO, Gabrieldtr.